Encounter and experience (Record no. 193702)

MARC details
000 -LEADER
fixed length control field 00538nam a22001817a 4500
005 - DATE AND TIME OF LATEST TRANSACTION
control field 20221130110835.0
010 ## - LCCN (DPL NO)
LC control number ENG-135613
020 ## - INTERNATIONAL STANDARD BOOK NUMBER
Terms of availability 550.00
International Standard Book Number 978-93-90569-79-3
035 ## - SYSTEM CONTROL NUMBER
System control number EN-119145
037 ## - SOURCE OF ACQUISITION
Source of stock number/acquisition DBAD/PUB
082 ## - DEWEY DECIMAL CLASSIFICATION NUMBER
Classification number 270
245 ## - TITLE STATEMENT
Title Encounter and experience
Statement of responsibility, etc edited by SJ Kuruvilla Pandikattu
260 ## - PUBLICATION, DISTRIBUTION, ETC. (IMPRINT)
Date of publication, distribution, etc 2021
Name of publisher, distributor, etc Theological Publication
Place of publication, distribution, etc Delhi
270 ## - ADDRESS
Address P.O.1585, Kashmiri Gate
City Delhi
Postal code 110006
300 ## - PHYSICAL DESCRIPTION
Extent 429p
Dimensions 23cm(pbk)
700 ## - ADDED ENTRY--PERSONAL NAME
Personal name Kuruvilla Pandikattu, SJ
942 ## - ADDED ENTRY ELEMENTS (KOHA)
Source of classification or shelving scheme Dewey Decimal Classification
Item type English Books
Call number suffix ENC
Classification part 270
Holdings
Withdrawn status Lost status Not for loan Collection code Home library Current library Date acquired Source of acquisition Cost, normal purchase price Full call number Barcode Copy number Cost, replacement price Koha item type
      Non-fiction Peshwa Road Peshwa Road 09/11/2022 DBAD/PUB 550.00 270 ENC EN-119145 1 550.00 English Books

© Delhi Public Library
Hit Counter
free hit counter